| 000 | 00538nam a22001697a 4500 | ||
|---|---|---|---|
| 003 | OSt | ||
| 005 | 20260216150109.0 | ||
| 008 | 260216b |||||||| |||| 00| 0 eng d | ||
| 040 | _cMRSPTU | ||
| 041 | _aEnglish | ||
| 100 | _aGarima Paul, Supervisor: Dr. Manjeet Bansal | ||
| 245 | _aEffect of Various Plasticizers on Different Properties of Concrete | ||
| 260 |
_bDepartment of Civil Engg. MRSPTU Bathinda _c2018 |
||
| 650 | _aCivil Engineering | ||
| 856 | _uhttp://163.47.215.52:8080/jspui/handle/123456789/301 | ||
| 942 |
_2ddc _cTH _n0 |
||
| 999 |
_c10912 _d10912 |
||